000 00766nam a2200241 a 4500
001 BRL_809
005 20190320210915.0
008 091013s1985----mx-#######---#000-0#spa-#
020 _a9686011730
041 _aspa
044 _amx
050 4 _aLA421
_b.G66 1985
100 1 _aGonzalbo, Pilar
_925005
245 1 0 _aEl humanismo y la educación de la Nueva España
_cPilar Gonzalbo.
260 _aMéxico
_bSEP, Subsecretaría de Cultura, Dirección General de Publicaciones : Ediciones El Caballito
_c1985
300 _a159 p.
_c21 cm.
440 0 _aBiblioteca Pedagógica
_925006
500 _aAu942
610 2 4 _aIglesia católica
_xEducación - Historia
_zMéxico
_925007
650 1 4 _aEducación
_xHistoria
_zMéxico
_94076
902 _aGRL
942 _2lcc
_cB
999 _c9621
_d9621